000 00779cam a22002777a 4500
003 CHAP
005 20220329141448.0
008 971013s1987 r 00010 d
010 _a68546
011 _a69518
035 _a78995
040 _cCHAP
082 _a631.541
_bB65Y
100 0 0 _aBonfiglioli, Oscar.
_913672
245 1 3 _aEl injerto en los árboles frutales y de la vid
260 _aBarcelona :
_bCEAC,
_c1987
300 _a113 p.
_b: ilus.
500 _a29-184
590 _aBATCH-UPD
_b10
_c20130110
_lUCH01
_h1810
590 _aCONVERSION
_b10
_c20130109
_lUCH01
_h1338
650 1 4 _aInjertos.
_958808
700 0 _aMarro, Marco.
_971552
901 _aBK
942 _cLIBRO
949 _a631.541 B65y
_bBC
_cLIBRO
_d33724000890455
_eLIBRO
_h75400
_i78995
_si
_t20.00
999 _c68546
_d68546